| 000 | 00463nam a2200181Ia 4500 | ||
|---|---|---|---|
| 001 | 7787 | ||
| 005 | 20260306160521.0 | ||
| 008 | 260306t2019||||xx |||||||||||||| ||spa|| | ||
| 041 | _aESP | ||
| 082 |
_a362.10985 _bQ74 |
||
| 100 |
_aQuirós Salinas, Carlos _eAUT |
||
| 245 | 0 |
_aMemorias de una salubrista: _bpolítica y salud en el siglo XX |
|
| 260 | _c2019 | ||
| 300 |
_a365 páginas : _c24 cm. |
||
| 650 | _aGEN | ||
| 654 | _aCPS | ||
| 942 |
_cLIB _dJUS _fJUS _2ddc _n |
||
| 999 |
_c7787 _d7787 |
||